[Event "Rated Blitz game"]
[Site "?"]
[Date "2021.10.03"]
[Round "?"]
[White "jlight85"]
[Black "KinzyabulatovRenat"]
[Result "0-1"]
[WhiteElo "2492"]
[BlackElo "2408"]
[PlyCount "89"]
[EventDate "2021.??.??"]
[EventType "blitz"]

1. e4 e5 2. Nf3 d5 3. Nxe5 Bd6 4. d4 dxe4 5. Nc4 Be7 6. Nc3 Nf6 7. Bg5 O-O 8.
Be2 Nc6 9. d5 Nxd5 10. Qxd5 Bxg5 11. Qxd8 Rxd8 12. Nxe4 Be7 13. O-O Be6 14.
Rad1 f5 15. Ng3 Nd4 16. Bd3 f4 17. Ne4 Nxc2 18. Na5 Nb4 19. Bb1 b6 20. Nb3 c5
21. h3 a5 22. Nc1 Rxd1 23. Rxd1 Rd8 24. Rxd8+ Bxd8 25. a3 Nc6 26. Ne2 Bc7 27.
N4c3 Bc4 28. Ba2 Bxa2 29. Nxa2 Be5 30. b3 b5 31. Nac3 Bxc3 32. Nxc3 Nd4 33. Kf1
b4 34. axb4 axb4 35. Nd5 Nxb3 36. Nxf4 Na5 37. Ke2 c4 38. Nd5 b3 39. Kd2 Kf7
40. Kc3 Ke6 41. Ne3 Ke5 42. Kb4 b2 43. Kxa5 b1=Q 44. Nxc4+ Kd4 45. Nd2 {Normal}
0-1

[Event "Rated Blitz game"]
[Site "?"]
[Date "2021.10.03"]
[Round "?"]
[White "Brenjos"]
[Black "KinzyabulatovRenat"]
[Result "0-1"]
[WhiteElo "2569"]
[BlackElo "2459"]
[PlyCount "92"]
[EventDate "2021.??.??"]
[EventType "blitz"]

1. e4 e5 2. Nf3 d5 3. Nxe5 Bd6 4. Nxf7 Kxf7 5. Qh5+ g6 6. Qxd5+ Be6 7. Qb5 Nd7
8. Nc3 Ngf6 9. d4 a6 10. Qxb7 Rb8 11. Qxa6 Bb4 12. Bc4 Re8 13. O-O Bxc3 14.
bxc3 Nxe4 15. Bxe6+ Rxe6 16. Qd3 Ndf6 17. c4 c6 18. f3 Nd6 19. a4 Nf5 20. c3
Qa5 21. Bd2 Rb3 22. Rfe1 Rxe1+ 23. Bxe1 Rb2 24. Bf2 h5 25. h4 Ng7 26. Re1 Ne6
27. Qe3 Qf5 28. a5 Ra2 29. Bg3 Rxa5 30. Be5 Nd7 31. f4 Nxe5 32. fxe5 Kg7 33.
Rf1 Qg4 34. Qf2 Ra7 35. Qf6+ Kh7 36. d5 cxd5 37. cxd5 Nc5 38. e6 Ne4 39. Qf4
Qxf4 40. Rxf4 Nd6 41. c4 Rc7 42. Rd4 Nxc4 43. d6 Nxd6 44. Rxd6 Kg8 45. Rd7 Rc6
46. e7 Re6 {Time forfeit} 0-1

[Event "Rated Blitz game"]
[Site "?"]
[Date "2021.10.03"]
[Round "?"]
[White "Hercule_Poirot-20"]
[Black "KinzyabulatovRenat"]
[Result "0-1"]
[WhiteElo "2599"]
[BlackElo "2441"]
[PlyCount "34"]
[EventDate "2021.??.??"]
[EventType "blitz"]

1. e4 e5 2. Nf3 d5 3. exd5 e4 4. Qe2 Nf6 5. Nc3 Be7 6. Nd4 O-O 7. g3 Bg4 8. Qe3
Bc5 9. Bg2 Nxd5 10. Nxd5 Qxd5 11. c3 Nc6 12. Bxe4 Qd6 13. Bxc6 bxc6 14. O-O
Rfe8 15. Qg5 Bh3 16. Rd1 Bxd4 17. cxd4 Qe6 {Normal} 0-1

[Event "Rated Blitz game"]
[Site "?"]
[Date "2021.10.03"]
[Round "?"]
[White "supertoys"]
[Black "Annali-annaliew1979"]
[Result "1-0"]
[WhiteElo "2468"]
[BlackElo "2422"]
[PlyCount "89"]
[EventDate "2021.??.??"]
[EventType "blitz"]

1. e4 e5 2. Nf3 d5 3. exd5 e4 4. Nd4 c5 5. Nb3 f5 6. Nc3 Nf6 7. d4 cxd4 8. Qxd4
Bd6 9. Bg5 O-O 10. O-O-O a6 11. f3 Nbd7 12. fxe4 Qe8 13. exf5 Qh5 14. h4 h6 15.
Be2 Qf7 16. Bf4 Bxf4+ 17. Qxf4 b5 18. a3 Bb7 19. Bf3 Rae8 20. g4 Ne5 21. Nc5
Nxf3 22. Qxf3 h5 23. Ne6 hxg4 24. Qg3 Qh5 25. Rhf1 Rf7 26. Kb1 Rd7 27. Nc5 Rf7
28. d6 Bf3 29. Rd4 Qxf5 30. d7 Nxd7 31. Nxa6 Rfe7 32. Nb4 Nf6 33. Ka2 Rc8 34.
Rf4 Qe6+ 35. Kb1 Rxc3 36. bxc3 Qe2 37. R4xf3 gxf3 38. Qxf3 Qc4 39. Kb2 Kh8 40.
h5 Kh7 41. Qf5+ Kh8 42. h6 Re3 43. hxg7+ Kxg7 44. Qxf6+ Kh7 45. Rh1+ {Normal}
1-0

[Event "Rated Blitz game"]
[Site "?"]
[Date "2021.10.03"]
[Round "?"]
[White "Varvara31"]
[Black "torgaev"]
[Result "1-0"]
[WhiteElo "2472"]
[BlackElo "2314"]
[PlyCount "53"]
[EventDate "2021.??.??"]
[EventType "blitz"]

1. e4 e5 2. Nf3 d5 3. exd5 e4 4. Qe2 Nf6 5. Nc3 Be7 6. Nxe4 O-O 7. d3 Qxd5 8.
g3 Bg4 9. Bg2 Nc6 10. c3 Ne5 11. d4 Nxf3+ 12. Bxf3 Bxf3 13. Qxf3 Qxe4+ 14. Qxe4
Nxe4 15. f3 Nd6 16. Kf2 Bf6 17. b4 Rfe8 18. g4 h6 19. h4 Re6 20. g5 hxg5 21.
hxg5 Be7 22. Bf4 Bf8 23. Rh3 g6 24. Rah1 Bg7 25. Be5 Rae8 26. Rh8+ Bxh8 27.
Rxh8# {Normal} 1-0

[Event "Rated Blitz game"]
[Site "?"]
[Date "2021.10.03"]
[Round "?"]
[White "yasinka2016"]
[Black "KinzyabulatovRenat"]
[Result "1-0"]
[WhiteElo "2457"]
[BlackElo "2427"]
[PlyCount "53"]
[EventDate "2021.??.??"]
[EventType "blitz"]

1. e4 e5 2. Nf3 d5 3. exd5 e4 4. Qe2 Nf6 5. d3 Qxd5 6. Nbd2 Nc6 7. Nxe4 Be6 8.
Nxf6+ gxf6 9. Qe4 Qd7 10. Be2 O-O-O 11. Qa4 Rg8 12. Be3 Kb8 13. g3 Bb4+ 14. c3
Bd6 15. O-O-O f5 16. Bf4 Rg4 17. Ne5 Nxe5 18. Qxd7 Nxd7 19. Bxd6 cxd6 20. Bxg4
fxg4 21. d4 Bxa2 22. d5 Nb6 23. Rd4 f5 24. Re1 Bxd5 25. Re7 Rd7 26. Rxd7 Nxd7
27. Rxd5 {Normal} 1-0

[Event "Rated Blitz game"]
[Site "?"]
[Date "2021.10.03"]
[Round "?"]
[White "Kingethree"]
[Black "rubengilmondelo64"]
[Result "0-1"]
[WhiteElo "2400"]
[BlackElo "2350"]
[PlyCount "76"]
[EventDate "2021.??.??"]
[EventType "blitz"]

1. e4 e5 2. Nf3 d5 3. exd5 e4 4. Qe2 Nf6 5. Nc3 Be7 6. Nxe4 O-O 7. Nc3 Re8 8.
d3 Bb4 9. Be3 Nxd5 10. Qd2 Qf6 11. d4 Nc6 12. Bc4 Nxe3 13. fxe3 Bg4 14. O-O
Rad8 15. h3 Bc8 16. Rf2 Re7 17. Raf1 Qg6 18. Nh4 Qh5 19. Rxf7 Be6 20. Bxe6 Rxe6
21. d5 Ree8 22. Qf2 Ne5 23. Rf5 Qh6 24. Ne4 Bc5 25. Kh1 g6 26. Qg3 Qg7 27. Nf6+
Kh8 28. Nxe8 Rxe8 29. Rf6 Bd6 30. Qg5 Be7 31. Rxg6 Bxg5 32. Rxg7 Kxg7 33. Nf5+
Kh8 34. e4 Ng6 35. Rd1 Bd8 36. d6 Rxe4 37. dxc7 Bxc7 38. Rd7 Re8 {Time forfeit}
0-1

[Event "Rated Blitz game"]
[Site "?"]
[Date "2021.10.03"]
[Round "?"]
[White "queenofdomination"]
[Black "Tintyn"]
[Result "0-1"]
[WhiteElo "2460"]
[BlackElo "2486"]
[PlyCount "52"]
[EventDate "2021.??.??"]
[EventType "blitz"]

1. e4 e5 2. Nf3 d5 3. Nc3 dxe4 4. Nxe4 Nf6 5. Bd3 Bd6 6. O-O O-O 7. c3 Bf5 8.
Qc2 Bg6 9. Nxd6 cxd6 10. Bxg6 hxg6 11. d4 e4 12. Ng5 d5 13. Be3 Nc6 14. Qb3 Qd7
15. h3 Rac8 16. Rac1 Na5 17. Qd1 Nc4 18. b3 Nxe3 19. fxe3 Rc6 20. Qe1 Rfc8 21.
Rf2 b5 22. Rfc2 Qc7 23. Qh4 Nh5 24. Rf1 f6 25. g4 Qg3+ 26. Qxg3 Nxg3 {Normal}
0-1

[Event "Rated Blitz game"]
[Site "?"]
[Date "2021.10.03"]
[Round "?"]
[White "DrunkenDude"]
[Black "ALJHuNTANGz"]
[Result "1-0"]
[WhiteElo "2443"]
[BlackElo "2421"]
[PlyCount "101"]
[EventDate "2021.??.??"]
[EventType "blitz"]

1. e4 e5 2. Nf3 d5 3. exd5 e4 4. Qe2 Nf6 5. d3 Qxd5 6. Nbd2 Be6 7. dxe4 Qd7 8.
Ne5 Qd4 9. Qb5+ Nbd7 10. Nef3 Qb6 11. Qxb6 axb6 12. Be2 Bb4 13. O-O O-O 14. a3
Bg4 15. h3 Bh5 16. Rb1 Bxd2 17. Bxd2 Nxe4 18. Bf4 h6 19. Bxc7 Bxf3 20. Bxf3 Nd2
21. Rbd1 Nxf3+ 22. gxf3 Nc5 23. Bxb6 Na4 24. Bd4 Rac8 25. b3 Nc5 26. Bxc5 Rxc5
27. c4 Ra8 28. a4 Rf5 29. Rd3 Ra6 30. Re1 Rg6+ 31. Kf1 Rh5 32. Re8+ Kh7 33. Rd7
Rf6 34. Rxb7 Rxh3 35. Re3 h5 36. a5 Rg6 37. Rb6 f6 38. a6 Rh1+ 39. Ke2 Ra1 40.
c5 h4 41. Re4 Rh6 42. c6 h3 43. c7 h2 44. c8=Q h1=Q 45. Qf5+ Rg6 46. Kd3 Qf1+
47. Kd4 Rd1+ 48. Kc5 Rc1+ 49. Kd6 Qd1+ 50. Qd5 f5+ 51. Re6 {Time forfeit} 1-0

[Event "Rated Blitz game"]
[Site "?"]
[Date "2021.10.03"]
[Round "?"]
[White "BigAmmel"]
[Black "KinzyabulatovRenat"]
[Result "1-0"]
[WhiteElo "2591"]
[BlackElo "2405"]
[PlyCount "121"]
[EventDate "2021.??.??"]
[EventType "blitz"]

1. e4 e5 2. Nf3 d5 3. Nxe5 Bd6 4. d4 dxe4 5. Bc4 Bxe5 6. dxe5 Qxd1+ 7. Kxd1 Nc6
8. Bf4 Nge7 9. Re1 Bg4+ 10. Kc1 Ng6 11. Bg3 h5 12. h3 Bf5 13. Nc3 h4 14. Bh2
Ngxe5 15. Bxe5 Nxe5 16. Nxe4 O-O-O 17. Bb3 Rhe8 18. f3 Bxe4 19. Rxe4 f5 20. Re3
Nxf3 21. Be6+ Kb8 22. gxf3 Rd6 23. a4 Rdxe6 24. Rxe6 Rxe6 25. Ra3 Re2 26. Kd1
Rh2 27. Re3 b6 28. f4 Rg2 29. b4 a6 30. b5 axb5 31. axb5 Kc8 32. Rd3 g6 33. c4
Rg3 34. Rxg3 hxg3 35. Ke2 Kd7 36. Kf3 Kd6 37. Kxg3 Kc5 38. Kh4 Kxc4 39. Kg5
Kxb5 40. Kxg6 c5 41. h4 c4 42. h5 c3 43. h6 c2 44. h7 c1=Q 45. h8=Q Qxf4 46.
Qe8+ Kb4 47. Qe7+ Ka4 48. Qa7+ Kb5 49. Qd7+ Ka6 50. Qc8+ Ka7 51. Qd7+ Ka6 52.
Qd3+ b5 53. Qa3+ Kb6 54. Qb3 Qc4 55. Qe3+ Ka5 56. Qa7+ Kb4 57. Qe7+ Kb3 58. Qe1
Qc3 59. Qe2 b4 60. Qe6+ Qc4 61. Qe2 {Time forfeit} 1-0

[Event "Rated Blitz tournament QHd1nNu0"]
[Site "?"]
[Date "2021.10.03"]
[Round "?"]
[White "Jututunska_juhahaha"]
[Black "gmmds2694"]
[Result "0-1"]
[WhiteElo "2563"]
[BlackElo "2707"]
[PlyCount "106"]
[EventDate "2021.??.??"]
[EventType "blitz"]

1. e4 e5 2. Nf3 d5 3. Nxe5 Bd6 4. d4 dxe4 5. Nc3 Bxe5 6. dxe5 Qxd1+ 7. Kxd1 Nc6
8. Bb5 Bd7 9. Nxe4 O-O-O 10. Bd2 Nxe5 11. Bxd7+ Rxd7 12. Ke2 Ne7 13. Bc3 N7c6
14. Rad1 Re8 15. f3 f5 16. Nc5 Nd3+ 17. Ne4 Nf4+ 18. Ke3 Nd5+ 19. Kf2 fxe4 20.
fxe4 Nxc3 21. Rxd7 Kxd7 22. bxc3 Rxe4 23. Rd1+ Ke7 24. Rd3 Re5 25. Rg3 g6 26.
h4 Ra5 27. Re3+ Ne5 28. Kg3 Kf6 29. h5 gxh5 30. Re4 Rxa2 31. Rf4+ Ke6 32. Rb4
b6 33. Rh4 Rxc2 34. Rxh5 Rxc3+ 35. Kf4 Rc4+ 36. Ke3 a5 37. Rxh7 a4 38. Rh1 a3
39. Ra1 Rg4 40. Ra2 Rg3+ 41. Kf4 Rb3 42. g4 Nd3+ 43. Kg5 Nb4 44. Re2+ Kf7 45.
Rf2+ Ke6 46. Re2+ Kd6 47. Kh4 a2 48. Rd2+ Kc5 49. Rd1 Rb1 50. Rd7 Kc6 51. Rxc7+
Kxc7 52. g5 a1=Q 53. g6 Qf6+ {Normal} 0-1

[Event "Rated Blitz game"]
[Site "?"]
[Date "2021.10.03"]
[Round "?"]
[White "ElSaher"]
[Black "sillierchess"]
[Result "1-0"]
[WhiteElo "2457"]
[BlackElo "2375"]
[PlyCount "87"]
[EventDate "2021.??.??"]
[EventType "blitz"]

1. e4 e5 2. Nf3 d5 3. d4 dxe4 4. Nxe5 Bd6 5. Qe2 Bf5 6. Nc3 Qe7 7. Qb5+ c6 8.
Nxc6 Nxc6 9. Qxf5 Nxd4 10. Bb5+ Kf8 11. Qxe4 Nxc2+ 12. Kd1 Nxa1 13. Be3 Nf6 14.
Qxe7+ Bxe7 15. Bd3 Bb4 16. Ke2 Nc2 17. Bxc2 Bxc3 18. bxc3 Rc8 19. Kd2 b6 20.
Bd4 Nd5 21. Re1 Nf4 22. Bb3 Rd8 23. Kc2 h5 24. g3 Nd5 25. Re5 Nf6 26. Rf5 Rh6
27. h3 Rd7 28. a4 Ne8 29. a5 Nd6 30. Rd5 b5 31. Bc5 a6 32. g4 hxg4 33. hxg4 Ke8
34. g5 Re6 35. Rd2 Re5 36. Bxd6 Rxg5 37. Re2+ Kd8 38. Bf4 Rf5 39. Be3 g5 40.
Re1 Rfd5 41. Bxd5 Rxd5 42. Rh1 f6 43. Rh7 Rd6 44. Ra7 {Normal} 1-0

[Event "Rated Blitz game"]
[Site "?"]
[Date "2021.10.03"]
[Round "?"]
[White "obilv"]
[Black "torgaev"]
[Result "0-1"]
[WhiteElo "2458"]
[BlackElo "2310"]
[PlyCount "112"]
[EventDate "2021.??.??"]
[EventType "blitz"]

1. e4 e5 2. Nf3 d5 3. exd5 e4 4. Qe2 Nf6 5. d3 Qxd5 6. Nc3 Bb4 7. Bd2 Bxc3 8.
Bxc3 O-O 9. Ne5 exd3 10. Qxd3 Re8 11. O-O-O Qxd3 12. Bxd3 Be6 13. h3 Nbd7 14.
Nxd7 Nxd7 15. Rhe1 Nc5 16. Bf1 Rad8 17. b3 Rxd1+ 18. Rxd1 Ne4 19. Be1 Bf5 20.
Kb2 Nd6 21. f3 h6 22. Bg3 Re6 23. c4 b6 24. b4 Kh7 25. Re1 Rxe1 26. Bxe1 Be6
27. Kc3 Kg6 28. c5 Nf5 29. Bd3 Kf6 30. g4 Ne3 31. a3 Nd5+ 32. Kd4 g5 33. c6 Nf4
34. Be4 Nxh3 35. Bg3 Nf4 36. Bh2 Ke7 37. b5 Kd6 38. a4 Bb3 39. Bd3 Bxa4 40. Bc4
f6 41. Ke4 Bc2+ 42. Kd4 f5 43. Ke3 fxg4 44. fxg4 Ke5 45. Bf1 Kd5 46. Bxf4 gxf4+
47. Kxf4 Kc5 48. Ke5 Ba4 49. Kf6 Bxb5 50. Bxb5 Kxb5 51. Kg6 a5 52. Kxh6 a4 53.
g5 a3 54. g6 a2 55. g7 a1=Q 56. g8=Q Qh1+ {Normal} 0-1

[Event "Rated Blitz game"]
[Site "?"]
[Date "2021.10.03"]
[Round "?"]
[White "atemberaubend"]
[Black "jeruchess"]
[Result "1-0"]
[WhiteElo "2426"]
[BlackElo "2372"]
[PlyCount "139"]
[EventDate "2021.??.??"]
[EventType "blitz"]

1. e4 e5 2. Nf3 d5 3. exd5 e4 4. Qe2 Nf6 5. Nc3 Be7 6. Nxe4 Nxd5 7. d3 O-O 8.
Bd2 Re8 9. O-O-O c5 10. Be3 Qa5 11. Kb1 Nc6 12. Qd2 Ndb4 13. a3 Be6 14. Qc3 b6
15. h4 Ba2+ 16. Ka1 Qa4 17. h5 Nxc2+ 18. Kxa2 N2b4+ 19. Kb1 Qxd1+ 20. Bc1 Nd5
21. Qc4 Rad8 22. h6 Na5 23. Qa2 Nb3 24. Be2 Qxh1 25. Qxb3 Qxg2 26. hxg7 Qxg7
27. Bd1 Kh8 28. Qc4 f5 29. Neg5 Bf6 30. Bb3 h6 31. Qh4 b5 32. Qh5 Re7 33. Nh3
Qg4 34. Qxh6+ Kg8 35. Bxd5+ Rxd5 36. Qxf6 Red7 37. Qe6+ Kf8 38. Bh6+ Rg7 39.
Qxd5 Ke7 40. Bxg7 Qxg7 41. Nhg5 Qf6 42. Qe5+ Qxe5 43. Nxe5 Kf6 44. Ngf3 c4 45.
Kc2 cxd3+ 46. Kxd3 a6 47. Kd4 Ke6 48. Nd3 Kd6 49. Nb4 Kc7 50. Nc2 Kb6 51. Ke5
a5 52. Kxf5 a4 53. Ke4 Kc5 54. Ke5 Kc4 55. Nfd4 Kd3 56. f4 Kc4 57. f5 b4 58.
axb4 Kd3 59. Na3 Kd2 60. f6 Kd3 61. f7 Kd2 62. f8=Q Kc1 63. Qc5+ Kxb2 64. Qc2+
Kxa3 65. b5 Kb4 66. b6 Ka5 67. b7 Kb6 68. b8=Q+ Ka6 69. Qcc7 a3 70. Qcb6# {
Normal} 1-0

[Event "Rated Blitz game"]
[Site "?"]
[Date "2021.10.03"]
[Round "?"]
[White "torrentec"]
[Black "KinzyabulatovRenat"]
[Result "1-0"]
[WhiteElo "2481"]
[BlackElo "2419"]
[PlyCount "63"]
[EventDate "2021.??.??"]
[EventType "blitz"]

1. e4 e5 2. Nf3 d5 3. Nxe5 Bd6 4. d4 dxe4 5. Bc4 Bxe5 6. Qh5 Qe7 7. Qxe5 Qxe5
8. dxe5 Nc6 9. Bb5 Nge7 10. Nc3 Bd7 11. Bf4 O-O-O 12. O-O-O Ng6 13. Bg3 h5 14.
h3 h4 15. Bh2 Ncxe5 16. Bxd7+ Rxd7 17. Rxd7 Nxd7 18. Nxe4 Re8 19. Ng5 Re2 20.
Rf1 f6 21. Nf3 b6 22. Nd4 Re4 23. Nf5 Nge5 24. Nxg7 Nc4 25. b3 Na3 26. Nf5 Re2
27. Ne3 Nc5 28. Kd1 Rxe3 29. fxe3 Ne4 30. Rf4 Nc3+ 31. Kd2 Nd5 32. Rxh4 {Normal
} 1-0

[Event "Rated Blitz game"]
[Site "?"]
[Date "2021.10.03"]
[Round "?"]
[White "Shurman-kgn"]
[Black "KinzyabulatovRenat"]
[Result "1-0"]
[WhiteElo "2451"]
[BlackElo "2434"]
[PlyCount "107"]
[EventDate "2021.??.??"]
[EventType "blitz"]

1. e4 e5 2. Nf3 d5 3. Nxe5 Bd6 4. d4 dxe4 5. Nc4 Be7 6. Nc3 Nf6 7. Bg5 O-O 8.
Qd2 Nc6 9. O-O-O Nb4 10. Ne3 Re8 11. a3 Nbd5 12. Bc4 c6 13. Rhe1 Be6 14. Bb3 a5
15. Kb1 b5 16. Ncxd5 cxd5 17. a4 Qb6 18. Bf4 Reb8 19. Bxb8 Rxb8 20. c3 bxa4 21.
Bxa4 Ba3 22. b3 Bd7 23. Qa2 Bxa4 24. Qxa3 Bxb3 25. Rd2 a4 26. Rb2 Rc8 27. Rc1
Qa5 28. Qb4 Qc7 29. h4 h6 30. g4 Qf4 31. Qb7 Rb8 32. Qa7 Re8 33. g5 hxg5 34.
hxg5 Qxg5 35. Qa6 Qf4 36. Qc6 Qb8 37. Ka1 Re6 38. Qc5 Ra6 39. Qa3 Qf4 40. Rcb1
g6 41. Rc1 Kg7 42. Qb4 a3 43. Qxa3 Rxa3+ 44. Kb1 Bc4 45. Rb4 Bd3+ 46. Nc2 Rxc3
47. Kb2 Rxc2+ 48. Rxc2 Bxc2 49. Kxc2 Qxf2+ 50. Kb3 Qe3+ 51. Ka4 Ng4 52. Kb5 Nf2
53. Kc5 Nd3+ 54. Kd6 {Time forfeit} 1-0

[Event "Rated Blitz game"]
[Site "?"]
[Date "2021.10.03"]
[Round "?"]
[White "IldarSal"]
[Black "Kiridima123"]
[Result "0-1"]
[WhiteElo "2577"]
[BlackElo "2403"]
[PlyCount "86"]
[EventDate "2021.??.??"]
[EventType "blitz"]

1. e4 e5 2. Nf3 d5 3. exd5 e4 4. Qe2 Nf6 5. Nc3 Be7 6. Nxe4 O-O 7. d3 Re8 8.
Be3 Nxd5 9. Qd1 f5 10. Ned2 f4 11. Bd4 c5 12. Bc3 Bf6+ 13. Ne4 Nxc3 14. bxc3
Bxc3+ 15. Nfd2 Bf5 16. Be2 Bxe4 17. dxe4 Rxe4 18. Rb1 Nc6 19. Rb3 Ba5 20. Rd3
Nd4 21. c3 Bxc3 22. Rxc3 Nxe2 23. Qb3+ c4 24. Nxe4 cxb3 25. Kxe2 Qe7 26. f3
bxa2 27. Ra1 Qe6 28. Rc2 Qa6+ 29. Kf2 Qb6+ 30. Ke2 Rd8 31. Raxa2 Qb5+ 32. Kf2
a5 33. g3 fxg3+ 34. hxg3 Qe5 35. Ra4 Rd4 36. Rc8+ Kf7 37. Ra2 Rb4 38. Rac2 Qd4+
39. Ke2 h6 40. R8c7+ Kg6 41. g4 Rb2 42. Rxb2 Qxb2+ 43. Ke3 Qb6+ {Normal} 0-1

[Event "Rated Blitz game"]
[Site "?"]
[Date "2021.10.03"]
[Round "?"]
[White "goberseck"]
[Black "Tintyn"]
[Result "0-1"]
[WhiteElo "2459"]
[BlackElo "2476"]
[PlyCount "70"]
[EventDate "2021.??.??"]
[EventType "blitz"]

1. e4 e5 2. Nf3 d5 3. d3 dxe4 4. dxe4 Qxd1+ 5. Kxd1 Nc6 6. c3 Nf6 7. Nfd2 Be6
8. f3 O-O-O 9. Kc2 Bc5 10. Nb3 Bb6 11. N1d2 a6 12. a4 Nd7 13. a5 Ba7 14. Bc4
Rhe8 15. Bxe6 Rxe6 16. Nc4 Ree8 17. Rd1 f6 18. Be3 Bxe3 19. Nxe3 Ne7 20. Rd2
Nf8 21. Rad1 Rxd2+ 22. Rxd2 Ne6 23. Kd3 Rd8+ 24. Kc4 Rxd2 25. Nxd2 Kd7 26. b4
g6 27. g3 h5 28. h4 g5 29. Ng2 Ng6 30. g4 gxh4 31. gxh5 h3 32. Ne3 h2 33. hxg6
h1=Q 34. Nf5 Qd1 35. Kd3 Nf4+ {Normal} 0-1

[Event "Rated Blitz game"]
[Site "?"]
[Date "2021.10.03"]
[Round "?"]
[White "Gubancs"]
[Black "Mancillamenor"]
[Result "1-0"]
[WhiteElo "2483"]
[BlackElo "2358"]
[PlyCount "37"]
[EventDate "2021.??.??"]
[EventType "blitz"]

1. e4 e5 2. Nf3 d5 3. d4 dxe4 4. Nxe5 Bd6 5. Nc4 Be7 6. Nc3 Nf6 7. Bf4 Bf5 8.
Ne3 Bg6 9. h4 c6 10. h5 Nxh5 11. Rxh5 Bxh5 12. Qxh5 O-O 13. Bc4 Qxd4 14. Nf5
Qf6 15. Nxe4 Bb4+ 16. Kf1 Qxb2 17. Nh6+ gxh6 18. Be5 Qxa1+ 19. Bxa1 {Normal}
1-0

[Event "Rated Blitz game"]
[Site "?"]
[Date "2021.10.03"]
[Round "?"]
[White "fredmund"]
[Black "Annali-annaliew1979"]
[Result "0-1"]
[WhiteElo "2381"]
[BlackElo "2432"]
[PlyCount "120"]
[EventDate "2021.??.??"]
[EventType "blitz"]

1. e4 e5 2. Nf3 d5 3. Nxe5 Qe7 4. d4 f6 5. Nd3 Nc6 6. c3 Bf5 7. Be2 Bxe4 8. f3
Bf5 9. O-O Qf7 10. Nd2 Bd6 11. Re1 Nge7 12. Nf1 O-O 13. Ng3 Bg6 14. Nf4 Rfe8
15. Nxg6 Nxg6 16. Bd3 Nce7 17. Bd2 c6 18. Qc2 Bxg3 19. hxg3 Rad8 20. Re2 Nc8
21. Rae1 Rxe2 22. Rxe2 Nd6 23. Qa4 a6 24. Qb4 Nf8 25. Qb6 Qd7 26. Qb3 b5 27.
Qc2 a5 28. g4 a4 29. Bf4 Re8 30. Rxe8 Nxe8 31. b3 axb3 32. axb3 Qa7 33. Kf2 b4
34. Be3 bxc3 35. Qxc3 Qb6 36. b4 Ne6 37. f4 Nd6 38. Kf3 Kf7 39. Bxh7 g6 40. Qc2
Nf8 41. f5 g5 42. Bg6+ Kg7 43. Qc5 Qxc5 44. dxc5 Nb5 45. Ke2 Nd7 46. Be8 Ne5
47. Bf2 Nc7 48. Bh5 Na6 49. Bg3 Nxb4 50. Bxe5 fxe5 51. Be8 Kf6 52. Bd7 e4 53.
Be6 Ke5 54. Ke3 d4+ 55. Ke2 d3+ 56. Kd2 Kd4 57. f6 e3+ 58. Ke1 d2+ 59. Ke2 Nd3
60. f7 Nc1+ {Time forfeit} 0-1

[Event "Rated Blitz game"]
[Site "?"]
[Date "2021.10.03"]
[Round "?"]
[White "Safari_Aspari"]
[Black "ALJHuNTANGz"]
[Result "0-1"]
[WhiteElo "2350"]
[BlackElo "2404"]
[PlyCount "86"]
[EventDate "2021.??.??"]
[EventType "blitz"]

1. e4 e5 2. Nf3 d5 3. exd5 e4 4. Qe2 Nf6 5. Ng5 Qxd5 6. Nc3 Qxg5 7. Nxe4 Nxe4
8. Qxe4+ Qe7 9. Qxe7+ Bxe7 10. d4 Nc6 11. c3 Be6 12. Bd3 O-O-O 13. O-O Ne5 14.
Be2 Nc4 15. Re1 Bf6 16. b3 Nb6 17. Be3 Nd5 18. Bd2 Nb6 19. Rac1 c6 20. h3 h6
21. Be3 g5 22. Red1 Bg7 23. Bh5 f5 24. f3 f4 25. Bf2 Kb8 26. Bg6 Rhf8 27. Be4
Bd5 28. c4 Bxe4 29. fxe4 h5 30. a4 g4 31. d5 cxd5 32. exd5 Nd7 33. c5 g3 34.
Be1 Rfe8 35. c6 bxc6 36. dxc6 Be5 37. cxd7 Re7 38. Rc5 Bc7 39. Rb5+ Bb6+ 40.
Kh1 Rexd7 41. Rxd7 Rxd7 42. Re5 Rd1 43. b4 Bf2 {Time forfeit} 0-1

[Event "Rated Blitz game"]
[Site "?"]
[Date "2021.10.03"]
[Round "?"]
[White "Woodtree"]
[Black "KinzyabulatovRenat"]
[Result "1-0"]
[WhiteElo "2614"]
[BlackElo "2440"]
[PlyCount "29"]
[EventDate "2021.??.??"]
[EventType "blitz"]

1. e4 e5 2. Nf3 d5 3. Be2 Nc6 4. Nc3 d4 5. Nd5 Be6 6. O-O Bxd5 7. exd5 Qxd5 8.
b4 Bxb4 9. Rb1 O-O-O 10. c3 dxc3 11. Qa4 cxd2 12. Bxd2 Bxd2 13. Rfd1 Qa5 14.
Qb3 Nge7 15. Qxb7+ {Normal} 1-0

[Event "Rated Blitz tournament fLazRh5v"]
[Site "?"]
[Date "2021.10.03"]
[Round "?"]
[White "EVRIKA1306"]
[Black "geptil"]
[Result "0-1"]
[WhiteElo "2401"]
[BlackElo "2480"]
[PlyCount "54"]
[EventDate "2021.??.??"]
[EventType "blitz"]

1. e4 e5 2. Nf3 d5 3. exd5 e4 4. Nd4 Qxd5 5. Nb3 Nf6 6. Nc3 Qf5 7. Be2 Qg6 8.
Rg1 Nc6 9. d4 Be6 10. Be3 O-O-O 11. Bb5 Bg4 12. f3 Bf5 13. Bxc6 bxc6 14. Qe2
Bb4 15. O-O-O Bxc3 16. Nc5 Rd6 17. Qa6+ Kd8 18. Nb7+ Kd7 19. Nxd6 Kxd6 20. Bf4+
Kd7 21. bxc3 Nd5 22. fxe4 Bxe4 23. Bg3 Qg5+ 24. Kb2 Rb8+ 25. Ka1 Bxc2 26. Rc1
Qd2 27. Qxa7 Qxc3# {Normal} 0-1

[Event "Rated Blitz game"]
[Site "?"]
[Date "2021.10.03"]
[Round "?"]
[White "ThisIsTarda"]
[Black "KinzyabulatovRenat"]
[Result "1-0"]
[WhiteElo "2429"]
[BlackElo "2427"]
[PlyCount "61"]
[EventDate "2021.??.??"]
[EventType "blitz"]

1. e4 e5 2. Nf3 d5 3. Nxe5 Bd6 4. d4 dxe4 5. Nc4 Be7 6. Be2 Nf6 7. O-O O-O 8.
Ne3 Nc6 9. c3 Be6 10. b3 h6 11. Bb2 Qe8 12. c4 Rd8 13. d5 Bc8 14. Nc3 Bd6 15.
dxc6 Bxh2+ 16. Kxh2 Rxd1 17. Raxd1 Qxc6 18. Ncd5 Nxd5 19. Nxd5 Qd6+ 20. Kg1 Kh8
21. f3 Bf5 22. Ne3 Qe6 23. Nxf5 Qxf5 24. fxe4 Qxe4 25. Bf3 Qe3+ 26. Kh1 c6 27.
Rfe1 Qf2 28. Re2 Qh4+ 29. Kg1 Kh7 30. Rd4 Qf6 31. Rg4 {Normal} 1-0

[Event "Rated Blitz game"]
[Site "?"]
[Date "2021.10.03"]
[Round "?"]
[White "Oker13"]
[Black "KinzyabulatovRenat"]
[Result "1-0"]
[WhiteElo "2432"]
[BlackElo "2410"]
[PlyCount "45"]
[EventDate "2021.??.??"]
[EventType "blitz"]

1. e4 e5 2. Nf3 d5 3. Nxe5 Bd6 4. d4 dxe4 5. Nc3 Bxe5 6. dxe5 Qxd1+ 7. Kxd1 Bf5
8. Bc4 Nc6 9. Bf4 Nge7 10. Ke2 Ng6 11. Bg3 h5 12. h4 Nd4+ 13. Kd2 O-O-O 14. Kc1
e3 15. fxe3 Nxc2 16. e4 Nxa1 17. exf5 Ne7 18. Bxf7 Kb8 19. Be6 Rhf8 20. Rf1 Rd4
21. f6 gxf6 22. exf6 Rg4 23. Bxg4 {Normal} 1-0

[Event "Rated Blitz game"]
[Site "?"]
[Date "2021.10.03"]
[Round "?"]
[White "Buzilo"]
[Black "KinzyabulatovRenat"]
[Result "1/2-1/2"]
[WhiteElo "2430"]
[BlackElo "2418"]
[PlyCount "80"]
[EventDate "2021.??.??"]
[EventType "blitz"]

1. e4 e5 2. Nf3 d5 3. exd5 e4 4. Qe2 Nf6 5. d3 Qxd5 6. Nbd2 Nc6 7. dxe4 Qh5 8.
Qb5 Bc5 9. Nb3 Nxe4 10. Nxc5 Qxc5 11. Qxc5 Nxc5 12. Be3 Ne4 13. O-O-O Be6 14.
Bb5 O-O 15. Bxc6 bxc6 16. b3 a5 17. Nd4 Bd7 18. Nb5 cxb5 19. Rxd7 Rfc8 20. Rhd1
c5 21. Kb2 c4 22. f3 Nf6 23. Rb7 b4 24. bxc4 Rxc4 25. Bd4 Rac8 26. Bxf6 Rxc2+
27. Kb3 gxf6 28. Rdd7 R2c3+ 29. Kb2 Rc2+ 30. Kb3 R8c3+ 31. Ka4 Rc5 32. Rxf7
Rxa2+ 33. Kb3 Ra3+ 34. Kb2 Rg5 35. g4 Rxf3 36. Rfc7 Rf2+ 37. Kc1 Rf1+ 38. Kb2
Rf2+ 39. Kc1 Rf1+ 40. Kb2 Rf2+ {Normal} 1/2-1/2

[Event "Rated Blitz game"]
[Site "?"]
[Date "2021.10.03"]
[Round "?"]
[White "BenzinToFire"]
[Black "rubengilmondelo64"]
[Result "0-1"]
[WhiteElo "2405"]
[BlackElo "2311"]
[PlyCount "86"]
[EventDate "2021.??.??"]
[EventType "blitz"]

1. e4 e5 2. Nf3 d5 3. Nxe5 Bd6 4. d4 dxe4 5. Nc4 Nf6 6. Nc3 O-O 7. Be2 Nc6 8.
O-O Nxd4 9. Bg5 Nxe2+ 10. Qxe2 Be7 11. Rad1 Qe8 12. Bxf6 Bxf6 13. Nd5 Qc6 14.
Qxe4 g6 15. b3 Bf5 16. Nxf6+ Qxf6 17. Qxb7 Bxc2 18. Rd7 Bf5 19. Rxc7 Qg5 20.
Ne3 Bd3 21. Rfc1 a6 22. Qd5 Qxd5 23. Nxd5 Rfd8 24. Nf6+ Kg7 25. Ng4 Be2 26. Ne5
Rf8 27. h4 Rae8 28. Nc4 h5 29. Ne3 Rd8 30. Ra7 Rd2 31. Rcc7 Rxa2 32. Nc4 Bxc4
33. bxc4 a5 34. Rc6 a4 35. Rca6 Ra1+ 36. Kh2 Ra2 37. Rxa4 Rxf2 38. c5 Rc2 39.
R4a5 Rd8 40. R7a6 Rdd2 41. c6 Rxg2+ 42. Kh1 Rgd2 43. c7 Rc1# {Normal} 0-1